| 000 | 01065nam2a22002411 4500 | ||
|---|---|---|---|
| 001 | rc\4923551 | ||
| 005 | 20250612204346.0 | ||
| 021 |
_aRU _bРг5009-58 |
||
| 035 | _a(NLR Aleph) 008842679 | ||
| 090 |
_a8352699 _c8352699 |
||
| 100 | _a20130426d1957 |||y0rusy50 ca | ||
| 101 | 0 | _arus | |
| 102 | _aRU | ||
| 105 | _ay z ||||| | ||
| 200 | 1 | _a... для дробильной и обогатительной фабрик | |
| 210 |
_d1957 _aБ. м. |
||
| 215 | _a139 с. | ||
| 461 | 0 |
_1001rc\4923549 _12001#$aСборник инструкций по технике безопасности...$e№ 7$fЮжный горнообогат. комбинат$v№ 29 _98352690 _aЮжный горнообогатительный комбинат (Кривой Рог) _cКривой Рог _d1957 _fЮжный горнообогат. комбинат _nБ. и. _o№ 7 _tСборник инструкций по технике безопасности... _v№ 29 |
|
| 801 | 0 |
_aRU _bNLR _gpsbo |
|
| 801 | 1 |
_aRU _bELAR _2rusmarc |
|
| 852 |
_aNLR _j58-1/591 |
||
| 942 | _cBOOK | ||
| 980 | _aNB | ||